| 000 | 00450nam a2200181Ia 4500 | ||
|---|---|---|---|
| 001 | 24908 | ||
| 005 | 20260414151115.0 | ||
| 008 | 260414t2010||||xx |||||||||||||| ||spa|| | ||
| 041 | _aESP | ||
| 082 |
_a346C4 _bG312 T. 6 2010 |
||
| 110 | _aGaceta Jurídica | ||
| 245 | 0 |
_aCódigo civil comentado : _bderecho de obligaciones |
|
| 260 | _c2010 | ||
| 300 |
_a879 páginas : _c24 cm. |
||
| 650 | _aDER | ||
| 654 | _aCDE | ||
| 942 |
_cLIB _dJUS _fJUS _2ddc _n |
||
| 999 |
_c24908 _d24908 |
||